000 00665nam a2200241Ia 4500
003 OSt
005 20221005115545.0
006 a|||||r|||| 00| 0
007 ta
008 221004b |||||||| |||| 00| 0 eng d
024 _a47676
037 _cTextual
040 _aCRL
_cCRL
_beng
041 _2eng
_aeng
082 _aT15, K5
110 _aNATIONAL council of educ.Re. and Tra (India) C I E,child study
_9627739
245 0 _aChild (Its bulletin,2)
260 _c1965
650 _aEDUCATION
700 _aNATIONAL council of educ.Re. and Tra (India) C I E,child study
_9627740
942 _hT15, K5
_cTEXL
_2cc
999 _c1035189
_d1035189